=LDR 00000nam 2200000 4500 =001 INLIS000000000018275 =005 20130612113445 =008 ***********************************Ind** =035 ##$$0010-061300000018275 =041 ##$$a Ind =082 ##$$a 632.5 =090 ##$$a 632.5, Mun p =100 ##$$a Munandar, Yody =245 ##$$a Pengantar ilmu pengendalian gulma, Jody Munandir =260 ##$$a 1988 $b Jakarta =300 ##$$a xi, 122 hlm, ilus, 21 cm =650 ##$$a Gulma-pengendalian =850 ##$$a NBPNMAT